000 00530nam a22001697a 4500
999 _c41017
_d41017
003 OSt
005 20210225121642.0
008 210225b ||||| |||| 00| 0 eng d
020 _a9788131793565
040 _coclc
082 _a547
_bMOR/O
100 _94066
_aMorrison, Robert Thornton
245 _aOrganic Chemistry For The JEE /
_cRobert Thornton Morrison ; Robert Neilson Boyd ; Sonal Rajora
250 _a7th Ed.
260 _aDelhi:
_bPearson,
_c2016.
942 _2ddc
_cBK
_h547
_iMOR/O
_k547
_mMOR/O